Semifinalistas da Champions League 1999/00-2025/26 - Statistics

Estatísticas Gerais
  • Esse quiz foi jogado 103 vezes
  • A pontuação média é 98 de 104
Estatísticas das Respostas
Ano Pais Time % Correto
2002/03 | 2004/05 | 2005/06 | +2 others Itália Associazione Calcio Milan
100%
2000/01 | 2009/10 | 2011/12 | +8 others Alemanha FC Bayern München
100%
2002/03 | 2009/10 | 2022/23 | 2024/25 Itália Football Club Internazionale Milano
100%
2001/02 | 2005/06 | 2007/08 | +8 others Espanha Futbol Club Barcelona
100%
2015/16 | 2020/21 | 2021/22 | 2022/23 Inglaterra Manchester City Football Club
100%
2019/20 | 2023/24 | 2024/25 | 2025/26 França Paris Saint-Germain Football Club
100%
2000/01 | 2001/02 | 2002/03 | +12 others Espanha Real Madrid Club de Fútbol
100%
2012/13 | 2023/24 Alemanha Borussia Dortmund
99%
2003/04 | 2004/05 | 2006/07 | +5 others Inglaterra Chelsea Football Club
99%
2013/14 | 2015/16 | 2016/17 | 2025/26 Espanha Club Atlético de Madrid
99%
2004/05 | 2006/07 | 2007/08 | +3 others Inglaterra Liverpool Football Club
99%
2001/02 | 2006/07 | 2007/08 | +2 others Inglaterra Manchester United Football Club
99%
2005/06 | 2008/09 | 2024/25 | 2025/26 Inglaterra Arsenal Football Club
97%
2003/04 Portugal Futebol Clube do Porto
96%
2002/03 | 2014/15 | 2016/17 Itália Juventus Football Club
96%
2009/10 | 2019/20 França Olympique Lyonnais
95%
2018/19 Holanda Amsterdamsche Football Club Ajax
94%
2004/05 Holanda PSV Eindhoven
92%
2003/04 | 2016/17 França Association Sportive de Monaco Football Club
87%
2018/19 Inglaterra Tottenham Hotspur Football Club
86%
2017/18 Itália Associazione Sportiva Roma
85%
2000/01 Espanha Valencia Club de Fútbol
79%
2001/02 Alemanha Bayer 04 Leverkusen
68%
2005/06 | 2021/22 Espanha Villarreal Club de Fútbol
58%
2019/20 Alemanha RasenBallsport Leipzig
51%
2010/11 Alemanha FC Schalke 04
41%
2003/04 Espanha Real Club Deportivo de La Coruña
40%
2020/21 França Paris Saint-Germain Football Club
31%
2000/01 Inglaterra Leeds United Football Club
26%
Nenhum quiz correspondente encontrado
Distribuição das Pontuações
Porcentagem de Pessoas com Cada Pontuação
Percentil de Números Respondidos
Sua Pontuação Histórica
Você não jogou esse quiz